| 000 | 00597nam a2200217Ia 4500 | ||
|---|---|---|---|
| 005 | 20220624114823.0 | ||
| 008 | 210716s1990 xx 000 0 und d | ||
| 020 | _a9788185015552 | ||
| 040 | _cAIMIT LIBRARY | ||
| 041 | _aeng | ||
| 082 |
_a511.5 _21 _bHARF |
||
| 100 |
_aHarary , Frank. _944940 |
||
| 245 |
_aGraph theory / _cBy Frank Harary. |
||
| 250 | _a1st ed. | ||
| 260 |
_aNew Delhi : _bNarosa Publishing House , _c2001. |
||
| 300 |
_axi,286p. ; _c21 cm. |
||
| 650 |
_aGraphs _944941 |
||
| 650 |
_aBlocks _944942 |
||
| 650 |
_aConnectivity _944943 |
||
| 942 |
_2ddc _cBK _e1st _k511.5 HARF |
||
| 999 |
_c194702 _d194702 |
||